Неразрушающий контроль структурно-механического состояния рельсов текущего производства по скорости ультразвуковых волн; Дефектоскопия; № 3

Dettagli Bibliografici
Parent link:Дефектоскопия.— , 1965-
№ 3.— 2003.— С. 24-33
Autore principale: Муравьев В. В.
Altri autori: Бояркин Е. В.
Lingua:russo
Pubblicazione: 2003
Serie:Акустические методы
Soggetti:
Natura: Capitolo di libro
KOHA link:https://koha.lib.tpu.ru/cgi-bin/koha/opac-detail.pl?biblionumber=428400

MARC

LEADER 00000naa2a2200000 4500
001 428400
005 20231101074828.0
035 |a (RuTPU)RU\TPU\prd\87939 
035 |a RU\TPU\prd\17419 
090 |a 428400 
100 |a 20101012a2003 k y0rusy50 ca 
101 0 |a rus 
102 |a RU 
200 1 |a Неразрушающий контроль структурно-механического состояния рельсов текущего производства по скорости ультразвуковых волн  |f В. В. Муравьев, Е. В. Бояркин 
225 1 |a Акустические методы 
320 |a Библиогр.: 7 назв. 
461 1 |0 (RuTPU)RU\TPU\prd\151  |t Дефектоскопия  |d 1965- 
463 1 |0 (RuTPU)RU\TPU\prd\87936  |t № 3  |v С. 24-33  |d 2003 
610 1 |a неразрушающий контроль 
610 1 |a рельсы 
610 1 |a ультразвуковые волны 
610 1 |a скорость 
610 1 |a технология изготовления 
610 1 |a неметаллические включения 
675 |a 621.791.52:620.179.16  |v 3 
700 1 |a Муравьев  |b В. В. 
701 1 |a Бояркин  |b Е. В. 
801 1 |a RU  |b 63413507  |c 20030916  |g PSBO 
801 2 |a RU  |b 63413507  |c 20131016  |g RCR 
942 |c BK